000 03144nam2a2200433 4500
001 RU\NLR\BIBL_A\012728522
005 20220609111902.0
010 _a978-5-4358-0221-4
_9300
021 _aRU
_bКН-П-21-081227
_9КН-П-21-6471
035 _a(NLR Aleph) 012728522
090 _a12964455
_c12964455
100 _a20220314d2021 k y0rusy50 ca
101 0 _arus
_deng
_erus
_eeng
102 _aRU
105 _a |||z|||100zy
200 1 _aИсследования молодых ученых ЮНЦ РАН
_dResearch by young scientists of the SSC RAS
_eсборник статей по итогам конкурса на лучшие проекты, который был объявлен в конце 2018 г.
_fответственный редактор тома: доктор географических наук С.В. Бердников
_zeng
210 _d2021
215 _a199 с.
_cил., табл., цв. ил.
300 _aНа обороте тит. с. и обл.: ISSN 1993-6621
300 _aРез. англ.
320 _aБиблиогр. в конце ст.
461 0 _1001RU\NLR\bibl\1116190
_12001#$aТруды Южного научного центра Российской академии наук$dStudies of the Southern scientific centre of the Russian academy of sciences$f[Рос. акад. наук, Юж. науч. центр]$gгл. ред.: акад. Г.Г. Матишов$zeng$vТ. 9
_91191307
_aРоссийская академия наук. Южный научный центр
_cРостов-на-Дону
_d2007
_f[Рос. акад. наук, Юж. науч. центр]
_lStudies of the Southern scientific centre of the Russian academy of sciences
_nИзд-во ЮНЦ РАН
_tТруды Южного научного центра Российской академии наук
_vТ. 9
510 1 _aResearch by young scientists of the SSC RAS
_zeng
606 1 _aМатериаловедение
_jСборники
_91112107
_3RU\NLR\AUTH\66119709
606 1 _aБиотехнология
_jСборники
_91151883
_3RU\NLR\AUTH\66141721
606 1 _aБиология
_jСборники
_9896131
_3RU\NLR\AUTH\664781
606 1 _aОбщественные науки
_jСборники
_91112139
_3RU\NLR\AUTH\66119728
686 1 _aЕ.я43
686 1 _aЖ3я43
686 1 _aЛ67я43
686 1 _aС.я431
702 1 _aБердников
_bС. В.
_gСергей Владимирович
_4340
711 0 2 _aРоссийская академия наук
_bЮжный научный центр
_bКонкурс на лучшие проекты, выполняемые молодыми учеными
_eРостов-на-Дону
_f2018
_9789810
_3RU\NLR\AUTH\880561311
711 0 2 _aРоссийская академия наук
_bЮжный научный центр
_bНаучная сессия молодых ученых
_eРостов-на-Дону
_f2018
_9789814
_3RU\NLR\AUTH\880561313
942 _cBOOK
980 _aNB